000
00274nam a2200121Ia 4500
008
191201s2014 xx 000 0 und d
100
_a
SHARMA,Ashok
245
0
_a
Company Law
260
_a
N. delhi
_b
V.K.Galobal
_c
2014
300
_a
310
650
_a
BBA
942
_2
ddc
_c
BK
_0
1
999
_c
6304
_d
6304